Central Library OPAC University of Rajshahi

Praeterita and Dilecta / (Record no. 74701)

MARC details
000 -LEADER
fixed length control field 01246nam a2200361 a 4500
001 - CONTROL NUMBER
control field 74701
003 - CONTROL NUMBER IDENTIFIER
rucl marc code BD-RjUL
005 - DATE AND TIME OF LATEST TRANSACTION
control field 20211209082606.0
008 - FIXED-LENGTH DATA ELEMENTS--GENERAL INFORMATION
fixed length control field 181122s1907 e achj b 001 0aeng
035 ## - SYSTEM CONTROL NUMBER
System control number (BD-RjUL)74919
040 ## - CATALOGING SOURCE
Original cataloging agency BD-RjUL
Language of cataloging eng
Transcribing agency BD-RjUL
041 ## - LANGUAGE CODE
Language code of text/sound track or separate title eng
082 04 - DEWEY DECIMAL CLASSIFICATION NUMBER
Edition number 23
Classification number 828.809
Author mark and year RUP 1907
100 1# - MAIN ENTRY--PERSONAL NAME
Personal name Ruskin, John,
Dates associated with a name 1819-1900.
9 (RLIN) 225139
245 10 - TITLE STATEMENT
Title Praeterita and Dilecta /
Statement of responsibility, etc. By John Ruskin.
246 ## - VARYING FORM OF TITLE
Title proper/short title Dilecta
260 ## - PUBLICATION, DISTRIBUTION, ETC. (IMPRINT)
Place of publication, distribution, etc. London :
Name of publisher, distributor, etc. George Allen,
Date of publication, distribution, etc. 1907.
300 ## - PHYSICAL DESCRIPTION
Pagination viii, 328 pages p. :
Illustrations ill.;
Size 17cm.
504 ## - BIBLIOGRAPHY, ETC. NOTE
Bibliography, etc Includes bibliographical references and index.
505 #0 - FORMATTED CONTENTS NOTE
Formatted contents note v. 3 --
600 10 - SUBJECT ADDED ENTRY--PERSONAL NAME
Personal name Ruskin, John,
Dates associated with a name 1819-1900.
650 #0 - SUBJECT ADDED ENTRY--TOPICAL TERM
Topical term or geographic name as entry element Authors, English
Chronological subdivision 19th century
Form subdivision Biography.
9 (RLIN) 225140
Topical term or geographic name as entry element Critics
Geographic subdivision Great Britain
Form subdivision Biography.
9 (RLIN) 225141
Topical term or geographic name as entry element Social reformers
Geographic subdivision Great Britain
Form subdivision Biography.
9 (RLIN) 225142
700 12 - ADDED ENTRY--PERSONAL NAME
Personal name Ruskin, John,
Dates associated with a name 1819-1900.
Personal name Hilton, Timothy,
Dates associated with a name 1941-
830 #0 - SERIES ADDED ENTRY--UNIFORM TITLE
Uniform title Everyman's library (Alfred A. Knopf, Inc.) ;
Volume number/sequential designation 279.
942 ## - ADDED ENTRY ELEMENTS (KOHA)
Source of classification or shelving scheme Dewey Decimal Classification
Koha item type Books
Holdings
Lost status Source of classification or shelving scheme Damaged status Not for loan Collection code Permanent Location Current Location Shelving location Date acquired Source of acquisition Cost, normal purchase price Total Checkouts Full call number Date last seen Copy number Koha item type
  Dewey Decimal Classification   Not For Loan Non-fiction Central Library, University of Rajshahi Central Library, University of Rajshahi Reading Room 22/08/1969 Zeitlinger 35.00   828.809 RUP 1907 22/11/2018 C-1 Books
  Dewey Decimal Classification     Non-fiction Central Library, University of Rajshahi Central Library, University of Rajshahi General Stacks 22/08/1969 Zeitlinger 35.00   828.809 RUP 1907 24/06/2025 C-2 Books